[Event "Pamplona 14th"]
[Site "Pamplona"]
[Date "2004.12.26"]
[Round "4"]
[White "Karjakin, Sergey"]
[Black "Vaganian, Rafael A"]
[Result "1-0"]
[WhiteElo "2576"]
[BlackElo "2640"]
[Annotator "Finkel,A"]
[PlyCount "73"]
[EventDate "2004.12.22"]
[EventType "tourn"]
[EventRounds "7"]
[EventCountry "ESP"]
[EventCategory "16"]
[SourceTitle "CBM 105"]
[Source "ChessBase"]
[SourceDate "2005.04.11"]
[SourceVersion "1"]
[SourceVersionDate "2005.04.11"]
[SourceQuality "1"]

1. e4 Nf6 {In this tournament Vaganian was experiencing some problems in his
favorite french defense so he decided to surprise his young opponent with a
rare variation of Alekhine defense, but Karjakin seemed perfectly ready.} 2. e5
Nd5 3. d4 d6 4. Nf3 g6 (4... Bg4) (4... dxe5) 5. Bc4 c6 6. O-O dxe5 7. dxe5 Bg7
8. Re1 {White isn't particularly concerned with Bg4 since he's planning to
make a good use of bishops' pair.} (8. Nc3 $6 Nxc3 9. Qxd8+ Kxd8 10. bxc3 Ke8
11. Bf4 h6 12. Nd4 e6 13. Rfe1 Ke7 14. a4 c5 15. Nb3 b6 $11 {Adorjan,A-Popov,L/
Sofia 1970}) (8. h3 O-O 9. Qe2 Qc7 10. Nc3 (10. Re1 a5 11. Qe4 Nb6 12. Bd3 Bf5
13. Qh4 Bxd3 14. cxd3 f6 15. Bh6 Na6 $13 {Godena,M-Jovanic,O/Montecatini Terme
2000}) 10... Be6 11. Nxd5 cxd5 12. Bb3 Nc6 13. Bf4 h6 14. Rad1 Rad8 15. c3 Na5
16. Nd4 $14 {Antonio,R-Tu Hoang Thong/Penang 1991}) 8... Bg4 (8... O-O 9. Bxd5
cxd5 10. Nc3 e6 11. Bg5 f6 12. exf6 Bxf6 13. Bh6 Rf7 14. Qd2 $14 {Zahn,
N-Barthel,B/Germany 1992}) 9. Nbd2 Nd7 10. h3 Bxf3 11. Nxf3 e6 12. Bf1 $1 {
This move appears to be a novelty. In the previous game played in this line
white put the bishop on b3, even though it's obvious that the bishop is much
better placed on f1 from where it may support an advance of the pawns on the
queenside and could be transferred to the diagonal a8-h1 if needed.} (12. Bb3
Qc7 13. c4 Ne7 14. Qe2 c5 15. Bg5 Nc6 16. Ba4 h6 17. Bh4 Nb6 18. Bc2 g5 19. Bg3
O-O-O $132 {Hatanbaatar,B-Freisler,P/Mlada Boleslav 1995}) 12... Qc7 13. Qe2 h6
{With his last move black reveals his intention to castle queenside.
Retrospectively we may conclude that it was much safer to go for a short
castle, but black wasn't very happy about the position arising after} (13...
O-O 14. Bg5 Rfe8 15. Rad1 b5 16. Qe4 $14 {and white has good prospects on the
kingside.}) 14. Bd2 O-O-O 15. Rad1 $6 {Useless move.It was better to put a
rook on b1 right away.} g5 16. c4 Ne7 17. b4 Nf8 (17... Ng6 18. Bc3 h5 19. Nxg5
Bxe5 20. Bxe5 Ndxe5 21. Qe3 $16 {[%cal Gf2f4]}) 18. Rb1 $1 {Very good decision.
White admits that he was wrong putting the rook on d1 and returns to the right
plan.} Nfg6 19. Bc3 Kb8 20. g3 $1 $16 {[%csl Gf4,Rg6,Rg7][%cal Gf1g2] Black
knights have no squares to be an active part of the game and the bishop is
stuck on g7, as a result white's attack on the queenside goes as smoothly as
possible.} Rd7 21. Qe4 Nf5 (21... Rhd8 22. a4 Nf5 23. a5 $16 {[%csl Rb8][%cal
Ga5a6,Gb4b5,Gf1g2]}) 22. a4 Rc8 23. a5 Qd8 24. Bg2 a6 25. Rb3 $5 {[%csl Gc3]
[%cal Gb4b5] Preparing an advance of the b-pawn.} (25. Rec1 $5) 25... Rd1 26.
b5 axb5 ({An attempt to take advantage of the "hanging" bishop on c3 wouldn't
save black:} 26... cxb5 {[%cal Gc8c3]} 27. cxb5 (27. Nd2 $5 Rxe1+ 28. Qxe1 Rc5
29. cxb5 Rxb5 30. Rxb5 axb5 31. Qe2 Qc7 32. Qxb5 Bxe5 33. Bxe5 Nxe5 34. a6 $16)
27... Qd3 28. Qxd3 Rxd3 29. bxa6 $1 {[%csl Ga6] This sacrifice decides the
game in white's favor.} Rcxc3 30. Rxb7+ Kc8 (30... Ka8 31. Reb1 Rxf3 32. Bxf3
Rxf3 33. Rd1 $18 {[%cal Gd1d8]}) 31. Nd4 $1 Nxd4 32. a7 $18) 27. cxb5 Qd3 28.
Qa4 $1 $18 {There was no reason to make black's defensive task easier by
trading the queens.} Nge7 29. a6 b6 30. a7+ Ka8 31. bxc6 Nd5 32. c7 $1 {
[%cal Gg2a8]} Nfe7 (32... Nxc3 33. Qc6+ Kxa7 34. Ra3+ $18) 33. Bb4 Rxe1+ 34.
Nxe1 Qc4 35. Rc3 Qe2 (35... Qd4 36. Nd3 $18 {[%cal Ga4d7]}) 36. Rc2 Qxe5 37.
Bxe7 1-0

[Event "Montreal 2nd"]
[Site "Montreal"]
[Date "2001.08.??"]
[Round "8"]
[White "Oral, Tomas"]
[Black "Zugic, Igor"]
[Result "1-0"]
[WhiteElo "2540"]
[BlackElo "2440"]
[Annotator "Finkel,A"]
[PlyCount "85"]
[EventDate "2001.08.02"]
[EventType "tourn"]
[EventRounds "11"]
[EventCountry "CAN"]
[EventCategory "9"]
[SourceTitle "CBM 085"]
[Source "ChessBase"]
[SourceDate "2001.11.13"]
[SourceVersion "1"]
[SourceVersionDate "2001.11.13"]
[SourceQuality "1"]

1. e4 Nf6 2. e5 Nd5 3. d4 d6 4. Nf3 dxe5 5. Nxe5 g6 6. Bc4 {The most popular
reply} (6. Be2 Bg7 7. c4 Nb6 8. f4 c5 $132) 6... c6 (6... Be6 7. Nc3 Bg7 8. Ne4
Bxe5 9. dxe5 Nc6 10. Nc5 Ne3 $10) 7. Bb3 (7. O-O Bg7 8. Re1 O-O 9. Bb3 a5 10.
c3 Nd7 11. Nf3 N7b6 12. a4 Qc7 13. Bg5 Bg4 14. Nbd2 c5 15. h3 Bxf3 16. Qxf3 $14
{Kortschnoj,V-Vaganian,R/Horgen 1995}) 7... Bg7 8. O-O Nd7 9. Nf3 (9. f4 O-O
10. c4 N5f6 11. Nc3 c5 $132) 9... O-O 10. Re1 {Black has tried different plan
in this position, but none of them promises black an easy life:} h6 (10... N7f6
11. c4 (11. h3 b5 (11... Be6 $6 12. c4 Nb6 $6 (12... Nc7 $5 {[%cal Gb7b5]} 13.
Bf4 b5 $5 14. Bxc7 Qxc7 15. cxb5 Bxb3 16. Qxb3 cxb5 17. Qxb5 Rab8 18. Qe2 Nd5
$14) 13. Qe2 a5 14. a4 $1 $14 {Hansen,S-Larsen,B/DEN-ch 1999}) (11... e6 12. c4
Ne7 13. Nc3 $14 {Short,N-Vaganian,R/Tal mem 1995}) 12. c3 (12. Nbd2 Be6 13. Ne5
Qc7 14. Nd3 Nd7 15. c3 Rad8 16. Qf3 N7b6 17. Nc5 $14 {Kovalevskaya,E-Zhukova,N/
EU-ch (Women) 2000}) (12. Bg5 Be6 13. Nbd2 Nc7 14. c3 Bd5 15. Ne5 Ne6 16. Bh4
c5 $132 {Lau,R-Bjerring,K/Munich op9293 1993}) 12... Qc7 13. a4 a6 14. Bg5 Bb7
15. Bh4 c5 16. Bg3 $14 {Bellin,R-Janssens,W/Huy op 1993}) 11... Nb6 (11... Nc7
12. h3 c5 13. Nc3 cxd4 14. Nxd4 Ne6 15. Be3 Nxd4 16. Qxd4 $14 {Kasparov,
G-Adams,M/Linares14th 1997}) 12. h3 Nbd7 (12... Bf5 13. Nc3 Qc7 14. Bg5 Be6 15.
Qe2 Rfe8 16. Be3 $14 {Gallagher,J-Lukasiewicz,G/Bern op 1990}) 13. Nc3 e6 14.
Bf4 b6 15. Qd2 Bb7 16. Rad1 Re8 17. Qc1 $14 {Matulovic,M-Todorovic,G/JUG-chT
1995}) (10... Re8 11. Bg5 N7f6 12. Nbd2 h6 13. Bh4 Bg4 14. h3 Bxf3 15. Nxf3 Nh5
16. Ne5 $16 {Yudasin,L-Rasmussen/Calgary op 1996}) (10... b5 11. Bxd5 cxd5 12.
Nc3 a6 13. Nxd5 e6 14. Nc3 Bb7 15. Ne4 Qc7 16. Bg5 Rac8 $44 {Kosten,A-Pytel,K/
Aix les Bains 1991}) 11. h3 b6 12. c4 N5f6 13. Nc3 Bb7 14. Bf4 a6 (14... e6 15.
Qd2 Kh7 16. Rad1 c5 17. d5 exd5 18. cxd5 $14 {[%cal Gc3b5]}) 15. Qd2 Kh7 16.
Rad1 {White has much more space for his pieces, which makes his advantage
quiet significient.} e6 (16... b5 17. c5 b4 18. Ne2 a5 19. Ne5 Nxe5 20. Bxe5
$14) 17. Bd6 Re8 18. Qf4 (18. Ne5 Kg8 (18... Nxe5 19. dxe5 Nd7 20. Qf4 $16) 19.
Bc2 c5 20. Qf4 cxd4 21. Rxd4 Nxe5 22. Bxe5 Qe7 23. Red1 $14) 18... Bf8 19. Bc7
$5 {Not so bad was also simple} (19. Bxf8 Rxf8 20. Ne5 Kg7 21. Bc2 $16 {
[%cal Gf4g3] with very big advantage for white.}) 19... Qe7 (19... Qc8 20. Bxb6
$16 {[%csl Rf6]}) 20. d5 Bg7 (20... Nh5 21. Qd2 Rac8 22. dxe6 fxe6 23. Bh2 Nc5
24. Bc2 $16) 21. Bd6 (21. dxe6 fxe6 22. Bd6 Qf7 23. Bc2 $16) 21... e5 22. Nxe5
(22. dxc6 exf4 23. Rxe7 Bxc6 (23... Rxe7 24. cxb7 Rae8 25. Ba4 $18) 24. Rxe8
Rxe8 25. Nd4 Bb7 26. Bxf4 $16) 22... Qxd6 23. dxc6 Rxe5 $8 24. cxb7 $6 {
Inaccuracy permitting black to hold on for a while, better was} (24. Rxd6 Rxe1+
25. Kh2 Ng4+ (25... Ne8 26. cxb7 Rb8 27. Qd2 $18) 26. Qxg4 Ne5 (26... Be5+ 27.
g3 Bxd6 28. Qxd7 $18 {[%csl Rb7,Rd6]}) 27. Qg3 Nxc6 28. Rd7 $18 {and black may
resign.}) 24... Rxe1+ 25. Rxe1 Re8 $1 26. Qxd6 Rxe1+ 27. Kh2 Ng4+ 28. hxg4 Be5+
29. Qxe5 Rxe5 $16 30. Bd1 $5 {The ending is winning for white due to the
strong pawn on b7.} (30. f4 $1 Re1 (30... Rc5 $6 31. Ne4 Rc7 32. Nf6+ $1 $18 {
[%cal Gb7b8]}) 31. Nd5 Nb8 32. Ba4 $1 $18 (32. Nxb6 Re7 33. c5 Rxb7 $16)) 30...
Nb8 (30... Rc5 31. Ne4 $1 $18 {[%cal Ge4f6]}) 31. Bf3 Rc5 32. Bd5 Rc7 33. b4 $5
Kg7 34. Na4 b5 35. cxb5 axb5 36. Nc5 {[%csl Rb8]} Kf6 37. Be4 $1 {[%csl Rb5]}
Ke5 38. Bd3 Kd6 39. Bxb5 Re7 40. a4 Kc7 41. a5 Re1 42. Ba4 Rb1 43. b5 {[%cal
Gb5b6,Ga5a8]} (43. b5 Rb4 44. b6+ Kd6 45. a6 Kxc5 46. a7 $18) 1-0

[Event "Pamplona 0102"]
[Site "Pamplona"]
[Date "2001.12.28"]
[Round "2"]
[White "Fressinet, Laurent"]
[Black "Conquest, Stuart"]
[Result "1-0"]
[WhiteElo "2588"]
[BlackElo "2601"]
[Annotator "Finkel,A"]
[PlyCount "89"]
[EventDate "2001.12.27"]
[EventType "tourn"]
[EventRounds "9"]
[EventCountry "ESP"]
[EventCategory "14"]
[SourceTitle "CBM 087"]
[Source "ChessBase"]
[SourceDate "2002.03.21"]
[SourceVersion "1"]
[SourceVersionDate "2002.03.21"]
[SourceQuality "1"]

1. e4 Nf6 2. e5 Nd5 3. d4 d6 4. Nf3 c6 5. h3 Bf5 6. Be2 {It's not so easy for
white to fight for the advantage also after 6.Bd3:} (6. Bd3 Bxd3 7. Qxd3 dxe5
8. dxe5 e6 9. O-O Nd7 (9... Be7 10. Qe2 b5 11. Nbd2 Nd7 12. Ne4 Qc7 13. Ng3 h5
$13 {Vescovi,G-Toth,C/Rio de Janeiro 2000/CBM 74 ext}) 10. Qe4 h6 11. Nbd2 Qc7
12. Re1 O-O-O 13. a3 c5 14. b3 Kb8 15. Bb2 Be7 16. c4 N5b6 17. Qg4 $14 {
Landa,K-Agdestein,S/Cappelle la Grande 1999}) (6. Bc4 e6 7. Qe2 Nd7 8. O-O dxe5
9. dxe5 Be7 10. a3 O-O 11. Ba2 Qc7 12. Re1 Rfd8 $11 {Floegel,U-Jugelt,T/
Germany 1999/GER-chT}) 6... e6 $5 (6... dxe5 7. Nxe5 Nd7 8. Nxd7 Qxd7 9. O-O e6
10. c4 Nb4 11. Na3 Be7 12. Be3 O-O 13. Qb3 a5 14. c5 Nd5 $13 {Hamdouchi,H-Wohl,
A/Malaga 1998/CBM 63}) 7. a3 (7. c4 Nb4 8. Na3 dxe5 9. Nxe5 Nd7 10. Nxd7 Qxd7
11. O-O Bd6 {promises white nothing either}) 7... dxe5 8. Nxe5 Nd7 9. c4 N5f6 (
{Also after} 9... Nxe5 10. cxd5 Nd7 11. dxc6 bxc6 12. Nc3 Bd6 {black has very
comfortable position.}) 10. Nf3 Bd6 11. O-O h6 12. Nc3 O-O 13. Be3 Qe7 14. Re1
Rfd8 15. b4 $5 {It's probably the only reasonable plan for white, but white
has to give up his control over square d5 and black gets serious counterplay.}
a5 (15... e5 $6 16. Qb3 exd4 17. Nxd4 Bg6 18. Rad1 $14) 16. c5 Bc7 17. Qb3 Ne4
$5 {Exchanging white knight while the second black knight goes to d5} 18. b5
Nxc3 19. Qxc3 cxb5 20. d5 $6 (20. Bxb5 Nf6 (20... Be4 $6 21. Bg5 $1 hxg5 22.
Rxe4 $14) 21. Qb3 Be4 22. Nd2 Bd5 $13) 20... exd5 21. Bxb5 Be6 $15 22. Bd4 Nf6
23. Bd3 Ne4 $6 {Giving back the pawn, but getting rid of lightsquared bishop.}
(23... Rac8 $5 {[%cal Gb7b6]}) 24. Bxe4 dxe4 25. Rxe4 Qf8 26. Rae1 Ra6 27. Ne5
(27. Qb2 $5 Bd5 28. Re7 (28. Rg4 $6 Rg6 29. Rxg6 fxg6 30. Bxg7 Qxg7 31. Qxg7+
Kxg7 32. Re7+ Kf6 33. Rxc7 Bc6 $1 $15 {[%csl Ra3][%cal Gd8d3]}) 28... Bf4 29.
Qc3 a4 $13) 27... Rd5 28. Qb2 Bxe5 29. Rxe5 Ra8 (29... Rxe5 30. Bxe5 Rc6 31.
Bd6 Qc8 32. Re3 $14 {[%csl Rg7][%cal Ge3g3]}) 30. R1e3 Rxe5 $2 (30... Rad8 31.
Rxd5 Rxd5 32. Rg3 g5 $132) 31. Bxe5 $36 {[%csl Rb7,Rg7]} f6 $2 (31... Qxc5 $8
32. Bxg7 Rc8 $1 33. Kh2 (33. Bxh6 Qc1+ 34. Qxc1 Rxc1+ 35. Kh2 Rb1 $14) 33...
Kh7 34. Qxb7 Kxg7 35. Rxe6 Qxf2 36. Re4 $14) 32. Bxf6 Qxf6 33. Qxf6 gxf6 34.
Rxe6 $18 {The ending is easily winning for white.} Rc8 (34... Kf7 35. Rb6 Ra7
36. a4 $18) 35. Rxf6 Rxc5 36. Rxh6 b5 37. Rb6 Kf7 38. g4 Ke7 39. h4 Kd7 40. h5
Kc7 41. Ra6 b4 42. axb4 axb4 43. Kg2 b3 44. Ra1 Kd6 45. Rb1 1-0

[Event "EU-ch 2nd"]
[Site "Ohrid"]
[Date "2001.06.14"]
[Round "13"]
[White "Short, Nigel D"]
[Black "Miles, Anthony John"]
[Result "1-0"]
[WhiteElo "2676"]
[BlackElo "2562"]
[Annotator "Finkel,A"]
[PlyCount "93"]
[EventDate "2001.06.01"]
[EventType "swiss"]
[EventRounds "13"]
[EventCountry "YUG"]
[SourceTitle "CBM 084"]
[Source "ChessBase"]
[SourceDate "2001.09.13"]
[SourceVersion "1"]
[SourceVersionDate "2001.09.13"]
[SourceQuality "1"]

1. e4 Nf6 2. e5 Nd5 3. d4 d6 4. Nf3 dxe5 5. Nxe5 c6 6. c4 (6. Nd2 Nd7 7. Nd3 g6
8. Be2 Bg7 9. Nf3 O-O 10. O-O N7f6 11. c3 b5 12. Nfe5 {Zulfugaryi,M-Guseinov,S/
Baku 1998/EXT 2000}) (6. Qf3 Be6 7. Bc4 Nd7 8. Nd3 g6 9. O-O Bg7 10. c3 O-O 11.
Nd2 Nc7 $11 {Rabiega,R-Loeffler,S/Austria 1999/EXT 2000}) 6... Nc7 (6... Nb4 7.
Be3 Bf5 8. Na3 Nd7 9. Nxd7 Qxd7 10. Be2 g6 11. d5 Bg7 12. Bd4 Nc2+ 13. Nxc2
Bxc2 $11 {Adams,M-Burkart,P/London 1996/CBM 55}) 7. Nc3 Nd7 8. Nxd7 (8. Nf3 g6
9. Be2 Bg7 10. O-O O-O 11. Be3 (11. Bf4 c5 12. d5 e5 13. Bg5 f6 14. Be3 Rf7 15.
a3 Bf8 $132 {Degraeve,J-Miles,A/Mondariz 2000/CBM 79}) 11... a6 12. a4 e5 13.
d5 cxd5 14. cxd5 Ne8 15. d6 h6 16. Rc1 $14 {Apicella,M-Miles,A/Linares 1995/
CBM 51}) 8... Bxd7 9. Be3 $5 Bf5 (9... g6 10. Be2 Bg7 11. Qb3 Rb8 12. Rd1 $14 {
[%cal Gd4d5]}) 10. g4 $5 {Very strong reply after which white gets quiet
significient advantage.} Bc8 $6 (10... Bg6 11. Qb3 Qc8 12. O-O-O e6 13. h4 h5
14. Be2 $36) 11. Be2 e6 12. Qc2 b5 $6 13. Bf3 (13. cxb5 cxb5 14. Nxb5 Bb4+ 15.
Bd2 Bxd2+ 16. Qxd2 $14) 13... bxc4 (13... Bd7 14. cxb5 cxb5 15. Bxa8 Qxa8 16.
O-O-O $16) 14. Bxc6+ Bd7 15. Qa4 $6 {Short is just being too cautious! Better
was} (15. Bxa8 Qxa8 16. O-O-O $16 {with big advantage.}) 15... Rc8 16. Qxc4 Nd5
$132 17. Bxd7+ Qxd7 18. Qd3 Bb4 $6 (18... Nxc3 19. bxc3 Qc6 20. Kd2 $5 (20. O-O
Qf3 (20... Qxc3 21. Qa6 Qc6 22. Qxc6+ Rxc6 23. Rab1 $14) 21. Qb5+ Kd8 22. Qg5+
f6 23. Qh4 Rxc3 $13) 20... Bd6 21. Rab1 O-O 22. h3 $14) 19. Bd2 O-O 20. O-O
Bxc3 21. bxc3 Qa4 22. f4 f5 (22... Rc6 23. f5 Rfc8 24. fxe6 Rxe6 25. Qf3 Qd7
26. Rab1 $16) 23. gxf5 exf5 $6 (23... Rxf5) 24. Rf3 Qc4 $5 25. a4 Qxd3 (25...
a5 $5) 26. Rxd3 Rc4 27. a5 Rb8 $5 (27... Kf7 28. Rb1 Re8 29. Rb5 Ke6 30. Kf2
$16) 28. Re1 Nf6 $2 {After this careless move white gets decisive advantage,
while after} (28... Rb5 {the result of the game was far from being clear.}) 29.
d5 $1 Ne4 (29... Rc5 30. d6 Rxa5 31. c4 Rc5 32. Re7 Rxc4 (32... Kf8 33. Rxa7
Rxc4 34. d7 $16) 33. d7 Rd8 34. Ba5 Rxd7 35. Rdxd7 Nxd7 36. Rxd7 Rxf4 $14) 30.
Be3 Rb7 (30... a6 31. Bb6 $1 Rxc3 32. Rxc3 Nxc3 33. d6 Rb7 34. Bc7 $1 $18) 31.
a6 Rd7 32. Rb1 $16 Nd6 (32... Rxc3 33. Rxc3 Nxc3 34. Rb7 Rxd5 35. Rxa7 $18) 33.
Rb4 Rc8 34. Bd4 Kf7 35. Rd1 Ke8 36. Re1+ Kd8 37. Re6 $18 {The position changed
significiently during last 6-7 moves!} Ne8 (37... Ne4 38. c4 Nd2 39. Bf2 $1
Rxc4 40. Rb8+ Kc7 (40... Rc8 41. Bh4+ Kc7 42. Rb7#) 41. Rb7+ Kc8 42. Re8+ Rd8
43. Rxd8+ Kxd8 44. Rxa7 $18) 38. c4 Nd6 39. Bxa7 Nxc4 40. Rxc4 $1 Rxa7 (40...
Rxc4 41. Bb6+ Kc8 42. Re8+ Rd8 43. Rxd8#) 41. Rxc8+ Kxc8 42. Kf2 Kd7 43. Ke3
Ra8 44. Kd4 Rb8 45. Kc5 Rb2 46. a7 Ra2 47. Kb6 1-0

[Event "NED-ch56"]
[Site "Leeuwarden"]
[Date "2001.06.24"]
[Round "4"]
[White "Tiviakov, Sergei"]
[Black "Van der Werf, Mark"]
[Result "1-0"]
[WhiteElo "2603"]
[BlackElo "2450"]
[Annotator "Finkel,A"]
[PlyCount "103"]
[EventDate "2001.06.20"]
[EventType "tourn"]
[EventRounds "9"]
[EventCountry "NED"]
[EventCategory "12"]
[SourceTitle "CBM 084"]
[Source "ChessBase"]
[SourceDate "2001.09.13"]
[SourceVersion "1"]
[SourceVersionDate "2001.09.13"]
[SourceQuality "1"]

1. e4 Nf6 2. e5 Nd5 3. d4 d6 4. Nf3 dxe5 5. Nxe5 c6 6. Nd2 (6. Be2 Nd7 7. Nf3
g6 8. c4 Nc7 9. Nc3 Bg7 10. O-O O-O 11. Bf4 (11. Be3 a6 12. a4 e5 13. d5 cxd5
14. cxd5 Ne8 15. d6 h6 16. Rc1 $14 {Apicella,M-Miles,A/Linares 1995/CBM 51})
11... c5 12. d5 e5 13. Bg5 f6 14. Be3 Rf7 15. a3 Bf8 $132 {Degraeve,J-Miles,A/
Mondariz 2000/CBM 79}) 6... Nd7 7. Ndf3 (7. Nd3 g6 8. Be2 Bg7 9. Nf3 O-O 10.
O-O N7f6 11. c3 b5 12. Nfe5 {Zulfugaryi,M-Guseinov,S/Baku 1998/EXT 2000}) 7...
Nxe5 8. Nxe5 g6 (8... Bf5 9. Bc4 (9. Qf3 $5 e6 10. Bd3 (10. c3 Bd6 11. g4 Bg6
12. h4 Bxe5 13. dxe5 Qc7 $132) 10... Qf6 11. Bxf5 Qxf5 12. Qxf5 exf5 13. Bd2
Bd6 14. O-O-O f6 15. Nd3 $14) 9... e6 10. O-O Bd6 11. Qe2 O-O 12. c3 Qc7 $11)
9. Qf3 Be6 10. c3 Bg7 11. Be2 a5 $6 (11... Qc7 12. Nd3 Bf5 13. O-O O-O 14. Re1
Rfe8 $11) 12. O-O O-O 13. Nd3 a4 14. a3 Bf5 $5 15. Re1 Bxd3 16. Bxd3 $14 {
Tiviakov likes this kind of position and plays it very strong.} e6 17. g3 Qb6 (
17... b5 18. h4 Qb6 19. h5 c5 (19... Rae8 20. Kg2 e5 21. dxe5 Rxe5 22. Rxe5
Bxe5 23. Bh6 $14) 20. dxc5 Qxc5 21. Qe2 Rab8 22. Bd2 $14) 18. h4 h5 19. Kg2
Rfe8 20. Re2 Ne7 $6 (20... c5 21. dxc5 Qxc5 22. Bg5 $14) 21. Bg5 Nf5 22. Rae1
Ra5 23. g4 $1 {The only possibility to break through} hxg4 24. Qxg4 Qc7 (24...
Qb3 $5 25. Bc2 Qd5+ 26. Be4 Qd7) 25. Rg1 Qd7 26. Bc2 Rea8 $6 27. Kf1 $1 $40 {
[%cal Gg1g8,Gh4h5]} c5 28. dxc5 Rxc5 29. h5 gxh5 30. Qf3 {White has in mind to
put his bishop to e1 so he doesn't want to waste a time for the queen move to
make it possible} (30. Qxh5 $5) 30... Kf8 31. Bd2 $1 Rd5 $6 (31... Rd8 $5) 32.
Be1 {[%cal Gc3c4,Ge1b4]} Rc8 (32... b5 33. Qg2 f6) 33. Qg2 $1 Bf6 $2 (33... f6
$5 34. Qe4 (34. Rxe6 $4 Qxe6 35. Bxf5 Qa6+ $1 $19) 34... b5 35. Qxe6 Qxe6 36.
Rxe6 Nd4 37. Be4 Nxe6 38. Bxd5 Nf4 39. Bf3 Nd3 $13) 34. Bxa4 $1 $14 b5 (34...
Qxa4 35. Qg8+ Ke7 36. Qxc8 $18) 35. Bc2 Rc4 36. Qf3 {[%cal Gb2b3,Gc3c4]} Rg4 $2
(36... h4) 37. Rxg4 hxg4 38. Qxg4 $16 Qc7 39. Be4 Rc5 (39... Qc4 40. b3 Qxb3
41. Bxd5 Qxd5 42. Qe4 $16) 40. Bd2 Qh2 41. Bf4 Qh8 42. Rd2 $18 Ke7 43. Bxf5
Rxf5 (43... Qh1+ 44. Ke2 Rxf5 45. Bd6+ Kd7 46. Be5+ Kc6 47. Rd6+ Kb7 48. Rd7+
Ka6 49. Bxf6 Rxf6 50. Rxf7 $18) 44. Bd6+ Ke8 45. Qg2 {[%cal Gg2a8]} Rd5 46.
Rxd5 exd5 47. Qxd5 Qh3+ 48. Ke1 Qe6+ 49. Qxe6+ fxe6 50. Ke2 Kd7 51. Bf8 Kc6 52.
Kd3 1-0

[Event "North Urals Cup (Women) 2nd"]
[Site "Krasnoturinsk"]
[Date "2004.07.30"]
[Round "7"]
[White "Kovalevskaya, Ekaterina"]
[Black "Zhukova, Natalia"]
[Result "0-1"]
[WhiteElo "2470"]
[BlackElo "2475"]
[Annotator "Finkel,A"]
[PlyCount "78"]
[EventDate "2004.07.24"]
[EventType "tourn"]
[EventRounds "9"]
[EventCountry "RUS"]
[EventCategory "9"]
[SourceTitle "CBM 103"]
[Source "ChessBase"]
[SourceDate "2004.11.11"]
[SourceVersion "1"]
[SourceVersionDate "2004.11.11"]
[SourceQuality "1"]

1. e4 Nf6 2. e5 Nd5 3. d4 d6 4. Nf3 g6 5. Bc4 Nb6 6. Bb3 Bg7 7. O-O O-O 8. Qe2
$6 {Dubious continuation after which black easily solves all opening problems.}
(8. h3 $142) 8... Bg4 9. Bf4 (9. c3 Nc6 10. e6 $6 (10. exd6 exd6 11. Bc2 Qf6
12. Nbd2 Rfe8 13. Qd1 Bf5 14. Bxf5 Qxf5 15. Re1 a5 $11 {Liss,E-Yin Hao/Beijing
1996}) 10... d5 $1 11. exf7+ Rxf7 12. Nbd2 e5 $17 {Ghaem Maghami,E-Vaganian,R/
Tripoli 2004}) (9. e6 d5 10. exf7+ Rxf7 11. Nbd2 Bxd4 12. h3 Bxf3 13. Nxf3 Bf6
$15) 9... Nc6 10. c3 Bxf3 (10... Qd7 11. Nbd2 Qf5 12. Bg3 Bh6 13. e6 Bxd2 14.
exf7+ Kg7 15. Qxd2 $14 {Klovans,J-Alburt,L/Yerevan 1975/URS-ch}) 11. Qxf3 dxe5
12. dxe5 Nxe5 (12... e6 13. Re1 Nd7 14. Qg3 h6 15. h4 Ne7 16. Bc2 c6 17. Na3 b5
18. Rad1 {1/2-1/2 Pavasovic,D-Cander,M/Slovenia 1991/EXT 98 (18)}) 13. Bxe5 $6
{There was no need to give up the bishop. It was better to take on b7 right
away.} (13. Qxb7 Qc8 14. Qe4 Qf5 15. Qxf5 gxf5 $13 {Ernst,T-Westerinen,H/
Copenhagen 1985}) 13... Bxe5 14. Qxb7 e6 15. Qf3 a5 16. a4 {[%csl Rb2,Rb3]} (
16. Rd1 Qe7 17. Na3 a4 18. Bc2 Rab8 $15) 16... Rb8 17. Rd1 Qe7 18. Nd2 Nd7 19.
Rab1 Bd6 20. Qh3 Ne5 21. Ba2 $6 ({Very serious attention deserved} 21. Bc4 $5 {
intending to transfer the bishop to the better position on f1.} Rb6 22. Bf1
Rfb8 23. f4 Nd7 24. Nc4 $14) 21... f5 22. Re1 Kg7 23. Kf1 $6 {All major pieces
are still on the board, so bringing the king to the center is hardly justified.
} (23. b4 axb4 24. cxb4 Bxb4 25. Rxe5 Bxd2 26. Rxb8 (26. Rd1 Rb2 27. Rxe6 Qc5
$36) 26... Rxb8 27. Qd3 Qd6 28. Qxd6 cxd6 29. Rxe6 Rb2 30. Bc4 d5 31. Bd3 $11)
23... Rf6 24. Nf3 (24. Nb3 Qd7 25. Nd4 Qxa4 26. Nxe6+ Kh8 27. Ng5 h5 $15) 24...
Nxf3 25. Qxf3 e5 $15 26. Qd5 e4 27. Qxa5 Bxh2 {[%csl Rf1]} 28. Qd5 (28. g3 $2
f4 29. Kg2 fxg3 30. fxg3 Bxg3 31. Kxg3 Rf3+ 32. Kg2 Rf5 $19) 28... Rd6 29. Qc4
(29. Qc5) 29... Rd2 $17 30. Re2 Rbd8 31. Rbe1 (31. g3 Rxe2 32. Qxe2 f4 33. Rd1
(33. gxf4 Rf8 $36) 33... f3 (33... Rxd1+ $6 34. Qxd1 fxg3 35. Qd4+ Kh6 36. Qe3+
$11) 34. Qc2 e3 35. Rxd8 Bxg3 $3 $19) 31... Qh4 $19 32. Rxd2 Rxd2 33. Re2 Rd8
$1 34. Re3 Bf4 35. Bb3 Bxe3 36. Qxc7+ Kh6 37. fxe3 Qh1+ 38. Ke2 Qxg2+ 39. Ke1
Qh1+ 0-1